000 00952nam a22002297a 4500
999 _c20073
_d20073
003 AR-CdUCM
008 190525b ||||| |||| 00| 0 spa d
020 _a84-276-0332-0
040 _aMUNICIPALIDAD PROVINCIAL DEL CUSCO
_cBIBLIOTECA MUNICIPAL DEL CUSCO
082 _a300 /
_bF31
_26ed.
100 _aFernández Fuster, Luis
_941994
245 _aTeoría y técnica del turismo /
260 _aMadrid :
_bNacional,
_c1981.
300 _a816 páginas ;
_bIlustraciones
_c21 cm.
500 _aQuinta edición: 1980
505 _aContenido: t.1: Generalidades sobre el turismo -- La estadística turística -- El turismo como revelación económica -- Las corrientes turísticas -- t.2: El equipo receptor -- Los organizadores de viaje -- El núcleo receptor frente a los competidores...
650 _aTurismo
_94560
650 _aTurismo fluvial
_941995
650 _aTurismo en España
_941996
942 _2ddc
_cLIBROS
945 _aAndy
_d2019-05-25